书目信息 |
| 题名: |
近代自由主义发展与马克思的批判及超越
|
|
| 作者: | 刘乃源 著 | |
| 分册: | ||
| 出版信息: | 北京 光明日报出版社 2014 |
|
| 页数: | 200页 | |
| 开本: | 24cm | |
| 丛书名: | 学术之光文库 | |
| 单 册: | ||
| 中图分类: | A811.64 | |
| 科图分类: | ||
| 主题词: | 马克思主义--自由主义--理论研究 | |
| 电子资源: | ||
| ISBN: | 978-7-5112-6699-6 | |
| 000 | 00950nam0 2200253 450 | |
| 001 | 339578 | |
| 005 | 20150608160720.26 | |
| 010 | @a978-7-5112-6699-6@b精装@dCNY58.00 | |
| 100 | @a20150127d2014 em y0chiy50 ea | |
| 101 | 0 | @achi |
| 102 | @aCN@b110000 | |
| 105 | @ay z 000yy | |
| 106 | @ar | |
| 200 | 1 | @a近代自由主义发展与马克思的批判及超越@Ajin dai zi you zhu yi fa zhan yu ma ke si de pi pan ji chao yue@f刘乃源著 |
| 210 | @a北京@c光明日报出版社@d2014 | |
| 215 | @a200页@d24cm | |
| 225 | 1 | @a学术之光文库 |
| 330 | @a本书以自由主义的历史发展与马克思的理论批判作为逻辑主线, 分析了自由主义从古典主义到新自由主义发展的内在逻辑及本质特征, 并以马克思的批判视角剖析了自由主义的资本逻辑、阶级基础、生成方式与政府形式。 | |
| 410 | 0 | @12001 @a学术之光文库 |
| 606 | 0 | @a马克思主义@x自由主义@x理论研究 |
| 690 | @aA811.64@v5 | |
| 701 | 0 | @a刘乃源@Aliu nai yuan@c(女, @f1982)@4著 |
| 801 | 0 | @aCN@b卓展宏图@c20150525 |
| 905 | @dA811.64@e250@f4 | |
| 近代自由主义发展与马克思的批判及超越/刘乃源著.-北京:光明日报出版社,2014 |
| 200页;24cm.-(学术之光文库) |
| ISBN 978-7-5112-6699-6(精装):CNY58.00 |
| 本书以自由主义的历史发展与马克思的理论批判作为逻辑主线, 分析了自由主义从古典主义到新自由主义发展的内在逻辑及本质特征, 并以马克思的批判视角剖析了自由主义的资本逻辑、阶级基础、生成方式与政府形式。 |
| ● |
| 相关链接 |
|
|
|
|
正题名:近代自由主义发展与马克思的批判及超越
索取号:A811.64/250
 
预约/预借
| 序号 | 登录号 | 条形码 | 馆藏地/架位号 | 状态 | 备注 |
| 1 | 863218 | 208632185 | 第一样本阅览室/ [索取号:A811.64/250] | 在馆 | |
| 2 | 863219 | 208632194 | 第一借阅区/ [索取号:A811.64/250] | 在馆 | |
| 3 | 863220 | 208632201 | 第一借阅区/ [索取号:A811.64/250] | 在馆 | |
| 4 | 863221 | 208632210 | 第一借阅区/ [索取号:A811.64/250] | 在馆 |